| 000 | 00506nam a22001337a 4500 | ||
|---|---|---|---|
| 008 | 230731b |||||||| |||| 00| 0 eng d | ||
| 040 |
_aNational Science Library _cNational Science Library |
||
| 245 |
_aSymposium on the upper atmosphere: _bResults and interpretation of OVI-15 data _c/ Aerospace Corporation EI Segundo, California 28 May, 1971 |
||
| 260 |
_aWashington: _bUS Department of Commerce, _c1971 |
||
| 300 | _a189p. | ||
| 650 | _aSymposium | ||
| 700 | _aMorse, Fred A (Comp.) | ||
| 942 |
_2udc _cSYM |
||
| 999 |
_c56181 _d56181 |
||